| 000 | 00607nam a22002057a 4500 | ||
|---|---|---|---|
| 999 |
_c9868 _d9868 |
||
| 003 | GBCCL | ||
| 005 | 20241126110720.0 | ||
| 008 | 230808b ||||| |||| 00| 0 eng d | ||
| 020 | _a9781781912034, | ||
| 020 | _a1781912033 | ||
| 040 | _cgbc | ||
| 082 |
_a249 _bHEL |
||
| 100 |
_a Helopoulos, Jason _916666 |
||
| 245 |
_aA neglected grace : _bfamily worship in the Christian home / _cJason Helopoulos |
||
| 260 |
_aFearn, Ross-shire, Scotland, _bChristian Focus, _c2013 |
||
| 300 |
_a126 pages ; _c20 cm. |
||
| 650 |
_aFamilies Religious life _917166 |
||
| 650 |
_aWorship _9444 |
||
| 942 |
_2ddc _cBK _02 |
||